Đang tải...

The pursuit of history

Chi tiết về thư mục
Tác giả chính: Tush, John
Định dạng: Printed Book
Được phát hành: Routledge, London 2015
Phiên bản:6 Edition
Những chủ đề:
LEADER 00388nam a2200157 4500
082
100 |a Tush, John 
245 |a The pursuit of history  |c Tush, John 
250 |a 6 Edition 
260 |a Routledge, London  |c 2015 
300
490
650 |a History of education 
942 |c BK 
999 |c 192534  |d 192534 
952 |0 0  |1 0  |4 0  |7 0  |9 205883  |a ISL  |b ISL  |l 0  |p ISL06434  |r 2019-10-28  |w 2019-10-28  |y BK